000 00572nam a2200181 a 4500
001 000042176
005 20201002040003.0
008 131118s2013 dr a 000 m spa d
020 _a9789993439653
040 _aDO-SdBNP
_bspa
_cBNHPU
082 _axxx
_bA325n
100 1 _aAlba, Orlando
_916502
245 1 0 _aNombres propios de persona en la República Dominicana /
_cOrlando Alba.
260 _aSanto Domingo :
_bLibrería La Trinitaria,
_bBúho,
_c2013.
300 _a184 p. :
_bil. ;
_c23 cm.
504 _aBibliografía : p. 183-184
590 _aInventariado, 2019/LP
999 _c41665
_d41665